| Record ID | marc_records_scriblio_net/part24.dat:46391649:800 |
| Source | Scriblio |
| Download Link | /show-records/marc_records_scriblio_net/part24.dat:46391649:800?format=raw |
LEADER: 00800pam 2200253 a 4500
001 94007990
003 DLC
005 19950524155625.8
008 940308s1994 vtu 000 0 eng
010 $a 94007990
020 $a1880399539 :$c$11.95
040 $aDLC$cDLC$dDLC
041 1 $aeng$hrus
050 00 $aPG3456.C5$bS28 1994
082 00 $a891.72/3$220
100 1 $aChekhov, Anton Pavlovich,$d1860-1904.
240 10 $aChaĭka.$lEnglish
245 14 $aThe Sea gull =$bChaika : a comedy in four acts /$cby Anton Pavlovich Chekhov ; translated by Nicholas Saunders and Frank Dwyer.
250 $a1st ed.
260 $aNewbury, VT :$bSmith and Kraus,$c1994.
300 $ax, 97 p. ;$c22 cm.
440 0 $aGreat translations for actors series
700 10 $aSaunders, Nicholas.
700 10 $aDwyer, Frank.